An introduction to advanced dynamics

Guardado en:
Detalles Bibliográficos
Autor principal: McCuskey, Sidney Wilcox (autor)
Formato: Libro
Lenguaje:inglés
Publicado: Reading Addison-Wesley 1959
Colección:Addison-Wesley Series in Mechanics
Materias:
Etiquetas: Agregar Etiqueta
Sin Etiquetas, Sea el primero en etiquetar este registro!

MARC

LEADER 00000nam a2200000 a 4500
001 UCM1008
003 CL-VaPUC
008 020322e19590000US |||||||||||||||||eng|d
082 0 4 |a 531.11  |b MCC  |2 21 
100 |a McCuskey, Sidney Wilcox  |e autor  |9 536409 
245 1 3 |a An introduction to advanced dynamics 
300 |a 263 p 
942 |c BK 
945 |d 20020322 00:00:00  |a cmena 
260 |a Reading  |b Addison-Wesley  |c 1959 
650 0 |a Dinámica  |9 260136 
650 0 |a Teorías científicas  |9 316549 
650 7 |a FISICA DEL MOVIMIENTO  |2 CL-VaPUC  |9 468023 
583 |a last modification  |c 20020322 00:00:00  |k Rodrigo Vera 
490 0 |a Addison-Wesley Series in Mechanics 
999 |c 299733  |d 299731